000 00591nam a22001937a 4500
999 _c2976
_d2976
003 AR-CdUCM
008 190305b ||||| |||| 00| 0 spa d
040 _aMUNICIPALIDAD PROVINCIAL DEL CUSCO
_cBIBLIOTECA MUNICIPAL DEL CUSCO
082 _a869.56 /
_bN25
100 _aNaranjo, Reynaldo
_910169
245 _aLos encuentros /
260 _aLima :
_bEdiciones de la Rama Florida,
_c1964
300 _b25 cm,
500 _aDonación de la familia Nieto No presenta numeración impresa
650 _aPoesía Peruana
_92266
650 _aSiglo XX
_98
942 _2ddc
_cLIBROS
945 _araen